00294nam a2200121Ia 4500008004100000041000800041082001500049100001900064245002500083260002800108300001900136999001700155241028s9999 xx 000 0 und d aeng a339.47 COH aLizabeth Cohen aA Consumers Republic bVintageaNew Yorkc2004 a567;. P. 21 cm c42879d42879